000 01340nab a22002657a 4500
999 _c5574
_d5574
003 OSt
005 20251219084256.0
008 190429b xxu||||| |||| 00| 0 spa d
040 _cPJ
100 _96551
_aMorabito, Rodrigo
245 1 0 _aUna aproximación al análisis del delito juvenil en la justicia penal adolescente /
_cRodrigo Morabito.
260 _cCiudad Autónoma de Buenos Aires :
_aThomson Reuters La Ley,
_b2025.
300 _ap. 149-152
500 _aCita: TR LALEY AR/DOC/724/2025.
505 _aSumario: I. La provincia de Catamarca como punto de partida del análisis.— II. Las estadísticas en el NOA.— III. El delito juvenil o adolescente en el país. Casos y casos.— IV. A modo de conclusión una pregunta final: ¿puede prevenirse el delito penal juvenil?.
505 _tSi te interesa el texto completo, solicitalo a koha@justierradelfuego.gov.ar
650 0 _9343
_aDERECHO PENAL
650 0 _92730
_aRÉGIMEN PENAL DE LA MINORIDAD
650 0 _9344
_aDELITOS CONTRA LA PROPIEDAD
650 0 _92682
_aDELITOS CONTRA LAS PERSONAS
650 0 _92902
_aDELITOS CONTRA LA INTEGRIDAD SEXUAL
651 0 _92705
_aCATAMARCA
773 0 _02658
_93164
_tRevista de derecho penal y criminología. Nº 4 - Mayo 2025
_dCiudad Autónoma de Buenos Aires : Thomson Reuters La Ley, 2017-
_x00347914
942 _2udc
_cANA